Novak Djokovic - Route to the 2015 Wimbledon Trophy - Statistics

General Stats
  • This quiz has been taken 11 times
  • The average score is 5 of 7
Answer Stats
Round Result Country Opponent % Correct
R16 3:2 (6:7,6:7,6:1,6:4,7:5) South Africa Kevin Anderson
100%
F 3:1 (7:6,6:7,6:4,6:3) Switzerland Roger Federer
100%
QF 3:0 (6:4,6:4,6:4) Croatia Marin Čilić
91%
SF 3:0 (7:6,6:4,6:4) France Richard Gasquet
91%
R128 3:0 (6:4,6:4,6:4) Germany Philipp Kohlschreiber
64%
R64 3:0 (6:4,6:2,6:3) Finland Jarkko Nieminen
55%
R32 3:0 (6:3,6:3,6:3) Australia Bernard Tomić
36%
No matching quizzes found
Score Distribution
Percent of People with Each Score
Percentile by Number Answered
Your Score History
You have not taken this quiz